000 00556nam a2200193Ia 4500
005 20260114185748.0
008 008 260114s9999 xx 000 0 eng d
020 _a9780567674012
037 _aEBOOK
040 _aCRL
_beng
_cCRL
041 _aeng
_2eng
084 _qCRL
100 _aHelen K. Bond and Edward Adams
_9874099
245 4 _aThe Bible on Television
260 _bBloomsbury
_c2020
856 _uhttps://doi.org/10.5040/9780567674012?locatt=label:secondary_bloomsburyCollections
942 _cEBOOK
999 _c1473035
_d1473035